[Event "OPEN A Condom 2008"]
[Site "Condom"]
[Date "????.??.??"]
[Round "2.1"]
[White "Sikula, Vaszilij"]
[Black "Humeau, Cyril"]
[Result "1-0"]
[WhiteElo "2540"]
[BlackElo "2170"]
[PlyCount "37"]

1. e4 e5 2. Bc4 Nf6 3. d3 Nc6 4. Nf3 Be7 5. O-O O-O 6. Re1 d6 7. a4 Nd7 8. c3
Nb6 9. Bb3 Bf6 10. a5 Nd7 11. d4 a6 12. Be3 Re8 13. d5 Ne7 14. Ba4 Rf8 15. b4
g6 16. c4 Bg7 17. c5 f5 18. cxd6 cxd6 19. Ng5 1-0

[Event "OPEN A Condom 2008"]
[Site "Condom"]
[Date "????.??.??"]
[Round "2.4"]
[White "Inkiov, Ventzislav"]
[Black "Schuermans, Robert"]
[Result "1/2-1/2"]
[WhiteElo "2446"]
[BlackElo "2125"]
[PlyCount "99"]

1. e4 e5 2. Nf3 Nc6 3. Bc4 Nf6 4. d3 d5 5. exd5 Nxd5 6. O-O Bc5 7. Ng5 O-O 8.
Qh5 Bf5 9. Nc3 Bg6 10. Qf3 Ndb4 11. h4 Nd4 12. Qd1 Ndxc2 13. Nge4 Nxa1 14. Nxc5
Qxh4 15. N5e4 Qh5 16. f3 Bxe4 17. Nxe4 Kh8 18. a3 Nbc2 19. Rf2 Nd4 20. Be3 Nac2
21. Rxc2 Nxc2 22. Qxc2 f5 23. Ng3 Qg6 24. Nf1 a6 25. Bc5 Rfd8 26. Qe2 Re8 27.
Bd5 c6 28. Bb3 b6 29. Bf2 c5 30. a4 Rac8 31. Bc4 Ra8 32. Ne3 e4 33. dxe4 fxe4
34. f4 b5 35. Bd5 Rad8 36. axb5 axb5 37. Bh4 Rb8 38. f5 Qh6 39. Qf2 Rb6 40. g4
Ra6 41. Kg2 g5 42. fxg6 hxg6 43. Bf7 Rf8 44. Bf6+ Rxf6 45. Qxf6+ Qg7 46. Qh4+
Qh7 47. Qf6+ Qg7 48. Qh4+ Qh7 49. Qf6+ Qg7 50. Qh4+ 1/2-1/2

[Event "OPEN A Condom 2008"]
[Site "Condom"]
[Date "????.??.??"]
[Round "2.5"]
[White "Le Hetet, Nicolas"]
[Black "Lejarre, Ludovic"]
[Result "0-1"]
[WhiteElo "2123"]
[BlackElo "2409"]
[PlyCount "80"]

1. e4 e5 2. Nf3 Nc6 3. d4 exd4 4. Nxd4 Nf6 5. Nc3 Bb4 6. Nxc6 bxc6 7. Bd3 d5 8.
exd5 O-O 9. O-O cxd5 10. Bg5 c6 11. Qf3 Bd6 12. h3 Rb8 13. Na4 Be6 14. b3 h6
15. Bf4 c5 16. Rfe1 Rb4 17. Bxd6 Qxd6 18. Rad1 Bd7 19. Nb2 Rf4 20. Qg3 Nh5 21.
Qe3 Qf6 22. Qe5 Qh4 23. Rd2 Bxh3 24. Re3 Be6 25. Bf1 Rf5 26. Qd6 Nf4 27. g3
Nh3+ 28. Kg2 Qf6 29. Nd1 Nxf2 30. Nxf2 Rxf2+ 31. Rxf2 Bh3+ 32. Kxh3 Qxd6 33.
Rfe2 a5 34. a4 Rc8 35. Rd2 Qf6 36. Bb5 Rd8 37. Kg2 h5 38. Rf2 Qg5 39. Ref3 h4
40. Kh2 Rd6 0-1

[Event "OPEN A Condom 2008"]
[Site "Condom"]
[Date "????.??.??"]
[Round "2.6"]
[White "Bujisho, Benjamin"]
[Black "Galby, Vassili"]
[Result "1-0"]
[WhiteElo "2402"]
[BlackElo "2086"]
[PlyCount "85"]

1. e4 c5 2. Nf3 Nc6 3. c3 Nf6 4. e5 Nd5 5. d4 cxd4 6. cxd4 d6 7. Bc4 Nb6 8. Bb5
dxe5 9. Nxe5 Bd7 10. Nxd7 Qxd7 11. O-O e6 12. Nc3 Be7 13. Qg4 O-O 14. Rd1 Rfd8
15. Bh6 Bf8 16. Ne4 Kh8 17. Nc5 Qc7 18. Bf4 Bd6 19. Bg5 Be7 20. Bxc6 bxc6 21.
Bxe7 Qxe7 22. Rac1 Rd5 23. Nb3 Qd7 24. Rd3 h5 25. Qf3 Na4 26. Rd2 Rc8 27. Rdc2
g6 28. h3 Kg7 29. Qe2 Rb5 30. Qxb5 cxb5 31. Rxc8 a5 32. R8c7 Qd6 33. Rb7 Nxb2
34. Rcc7 Qf4 35. Nxa5 Qxd4 36. Rxf7+ Kh6 37. h4 g5 38. Rh7+ Kg6 39. hxg5 Kxg5
40. Rxb5+ Kg4 41. Rhxh5 Qd1+ 42. Kh2 Qd6+ 43. Rbe5 1-0

[Event "OPEN A Condom 2008"]
[Site "Condom"]
[Date "????.??.??"]
[Round "2.7"]
[White "Garrel, Alain"]
[Black "Simon, Olivier"]
[Result "0-1"]
[WhiteElo "2107"]
[BlackElo "2381"]
[PlyCount "96"]

1. d4 Nf6 2. Nf3 g6 3. Nc3 d5 4. Qd3 Bg7 5. e4 dxe4 6. Nxe4 O-O 7. c3 Bf5 8.
Nxf6+ Bxf6 9. Qd1 c5 10. Be2 cxd4 11. Nxd4 Be4 12. O-O a6 13. a4 e5 14. Bf3
Bxf3 15. Nxf3 Qc7 16. Ng5 Bg7 17. Ne4 Qc4 18. Qf3 Qc6 19. Nd2 Qc7 20. Nb3 Qb6
21. Ra3 Nd7 22. Be3 Qc7 23. a5 f5 24. Qd5+ Kh8 25. Nc5 Nxc5 26. Qxc5 Qf7 27. f3
Rfd8 28. Qb4 Rd3 29. Bf2 Rad8 30. Qb3 Qd7 31. Bh4 Re8 32. Qa4 Qc8 33. Rd1 Rxd1+
34. Qxd1 e4 35. fxe4 fxe4 36. Qe2 Qc5+ 37. Bf2 e3 38. Be1 h5 39. Ra1 Rd8 40.
Kh1 Bh6 41. b4 Qf5 42. c4 Kh7 43. b5 Bg7 44. Rc1 Bb2 45. Rc2 Rd1 46. h3 Rxe1+
47. Qxe1 Qxc2 48. Qxe3 Qc1+ 0-1

[Event "OPEN A Condom 2008"]
[Site "Condom"]
[Date "????.??.??"]
[Round "2.8"]
[White "Borsos, Bogdan"]
[Black "Favarel, Antoine"]
[Result "1/2-1/2"]
[WhiteElo "2377"]
[BlackElo "2074"]
[PlyCount "77"]

1. Nf3 d5 2. c4 e6 3. g3 Nf6 4. Bg2 Be7 5. O-O O-O 6. d4 c6 7. Nc3 b6 8. Ne5
Nfd7 9. Nxd7 Nxd7 10. Qa4 b5 11. cxb5 c5 12. e4 e5 13. Nxd5 cxd4 14. Bd2 Nb6
15. Nxe7+ Qxe7 16. Qb4 Qe6 17. Rfc1 a5 18. Qb3 a4 19. Qb4 Bd7 20. Rc5 Rfc8 21.
Bf1 Rxc5 22. Qxc5 Rc8 23. Qb4 Nc4 24. Be1 Nd6 25. f3 h5 26. b3 h4 27. bxa4 hxg3
28. hxg3 Qh6 29. Qd2 Qf6 30. Rc1 Qxf3 31. Bg2 Qa3 32. Rxc8+ Bxc8 33. Qb4 Qe3+
34. Bf2 Qc1+ 35. Kh2 Qh6+ 36. Kg1 Qc1+ 37. Kh2 Qh6+ 38. Kg1 Qc1+ 39. Kh2
1/2-1/2

[Event "OPEN A Condom 2008"]
[Site "Condom"]
[Date "????.??.??"]
[Round "2.9"]
[White "Favarel, Camille"]
[Black "Piceu, Tom"]
[Result "0-1"]
[WhiteElo "2102"]
[BlackElo "2375"]
[PlyCount "120"]

1. d4 Nf6 2. Nf3 g6 3. c4 Bg7 4. Nc3 O-O 5. e4 d6 6. Be2 c5 7. d5 Bg4 8. O-O e6
9. Bf4 Nh5 10. Be3 Bxc3 11. bxc3 e5 12. Nd2 Bxe2 13. Qxe2 Nd7 14. g3 Qa5 15.
Rac1 Rae8 16. Qd1 Nb6 17. Qb3 f5 18. Bh6 Rf7 19. Qb5 Qa4 20. f3 Nf6 21. h3 Kh8
22. Qxa4 Nxa4 23. Rc2 Ng8 24. Be3 f4 25. gxf4 exf4 26. Bf2 Nf6 27. Rb1 g5 28.
Rb3 Nb6 29. a4 Nc8 30. Kf1 h5 31. Rc1 b6 32. Re1 Nd7 33. Ke2 Ne5 34. Rg1 Rg8
35. Rbb1 Kh7 36. Rg2 Rg6 37. Rb5 g4 38. hxg4 hxg4 39. Rh2+ Kg8 40. fxg4 f3+ 41.
Kf1 Nxg4 42. Rh1 Ne7 43. Rh3 Nxf2 44. Kxf2 Rg2+ 45. Ke3 Re2+ 46. Kd3 Rxd2+ 47.
Kxd2 f2 48. Rb1 f1=Q 49. Rxf1 Rxf1 50. Rh6 Nc8 51. e5 dxe5 52. Rc6 Rf8 53. a5
Kf7 54. Kd3 Ke7 55. axb6 axb6 56. Re6+ Kd7 57. Rxe5 Rf3+ 58. Kc2 Nd6 59. Kb3
Rf4 60. Rh5 Nxc4 0-1

[Event "OPEN A Condom 2008"]
[Site "Condom"]
[Date "????.??.??"]
[Round "2.10"]
[White "Van Elst, Andreas"]
[Black "Hugaert, Arthur"]
[Result "1-0"]
[WhiteElo "2336"]
[BlackElo "2065"]
[PlyCount "59"]

1. d4 d5 2. c4 c6 3. Nc3 Nf6 4. e3 e6 5. Nf3 Nbd7 6. Bd3 Bd6 7. e4 dxe4 8. Nxe4
Nxe4 9. Bxe4 Nf6 10. Bc2 h6 11. O-O O-O 12. b3 c5 13. Bb2 cxd4 14. Qxd4 Be7 15.
Qf4 Qa5 16. Rfe1 Rd8 17. a3 Bd7 18. b4 Qa6 19. Ne5 Ba4 20. Bd3 Rac8 21. Re3 Qd6
22. Rg3 Kf8 23. Re1 b6 24. Bc1 a5 25. Rxg7 Kxg7 26. Qxh6+ Kg8 27. Re3 Qxd3 28.
Nxd3 Rxc4 29. Bb2 e5 30. Rh3 1-0

[Event "OPEN A Condom 2008"]
[Site "Condom"]
[Date "????.??.??"]
[Round "2.12"]
[White "Vandervorst, Jean-Marc"]
[Black "Maenhout, Thibaut"]
[Result "1/2-1/2"]
[WhiteElo "2070"]
[BlackElo "2277"]
[PlyCount "33"]

1. d4 Nf6 2. Nf3 g6 3. Bg5 Bg7 4. Nbd2 c5 5. e3 cxd4 6. exd4 O-O 7. Bc4 Nc6 8.
c3 d6 9. O-O h6 10. Bh4 Nh5 11. Re1 d5 12. Bb5 g5 13. Bg3 Nxg3 14. hxg3 Qd6 15.
Qe2 Be6 16. Nb3 Nd8 17. Nc5 1/2-1/2

[Event "OPEN A Condom 2008"]
[Site "Condom"]
[Date "????.??.??"]
[Round "2.21"]
[White "Verduyn, Frederic"]
[Black "Muratet, Lucas"]
[Result "1-0"]
[WhiteElo "2196"]
[BlackElo "1934"]
[PlyCount "57"]

1. Nf3 f5 2. d3 d6 3. e4 e5 4. Nc3 Nc6 5. Bg5 Be7 6. Bxe7 Ngxe7 7. d4 exd4 8.
Nxd4 Nxd4 9. Qxd4 O-O 10. Bc4+ Kh8 11. O-O-O Nc6 12. Qd2 Ne5 13. Bb3 fxe4 14.
Nxe4 Qh4 15. Rhe1 Bf5 16. f4 Ng4 17. Ng5 h6 18. Nf3 Qd8 19. h3 Nf6 20. g4 Bh7
21. f5 Bg8 22. Be6 Nd7 23. Bxd7 Qxd7 24. Ne5 Qd8 25. Ng6+ Kh7 26. Nxf8+ Qxf8
27. Qe3 Qf7 28. Qe6 Qf8 29. Qe7 1-0

[Event "OPEN A Condom 2008"]
[Site "Condom"]
[Date "????.??.??"]
[Round "2.22"]
[White "Forgues, Fabien"]
[Black "Dia, Hussein"]
[Result "1-0"]
[WhiteElo "2187"]
[BlackElo "1910"]
[PlyCount "55"]

1. e4 d5 2. exd5 Qxd5 3. Nc3 Qa5 4. Bc4 Nf6 5. d3 Bg4 6. f3 Bh5 7. Bd2 c6 8.
Nge2 Qb6 9. Nf4 Bg6 10. Qe2 Nbd7 11. O-O-O O-O-O 12. Nxg6 fxg6 13. f4 e6 14.
Qxe6 Re8 15. Qh3 Bd6 16. Rde1 Qc7 17. g3 Kb8 18. Ne4 Be7 19. Ng5 Nc5 20. d4 Na4
21. Bb3 b5 22. Qg2 Qd6 23. c3 Nxb2 24. Kxb2 Qa3+ 25. Ka1 Kb7 26. Re6 Rc8 27.
Bc1 Qa5 28. Rxe7+ 1-0

[Event "OPEN A Condom 2008"]
[Site "Condom"]
[Date "????.??.??"]
[Round "2.23"]
[White "Garrel, Pascal"]
[Black "Forster, Sven"]
[Result "0-1"]
[WhiteElo "1795"]
[BlackElo "2119"]
[PlyCount "76"]

1. d4 d5 2. c4 e6 3. Nc3 c6 4. cxd5 exd5 5. Nf3 Bd6 6. Bg5 f6 7. Bh4 Ne7 8. Bg3
Nf5 9. Bxd6 Nxd6 10. e3 O-O 11. Bd3 Bf5 12. Bxf5 Nxf5 13. O-O Qe7 14. Qd3 Nd6
15. b4 a6 16. a4 Nd7 17. b5 Nb6 18. Rfb1 Nbc4 19. bxc6 bxc6 20. Rb3 f5 21. Ne2
g5 22. Ne5 Nxe5 23. dxe5 Qxe5 24. Rc1 Nc4 25. Nd4 Rac8 26. Rxc4 dxc4 27. Qxc4+
Qd5 28. Qxa6 c5 29. Qe6+ Qxe6 30. Nxe6 Rb8 31. Nxc5 Rxb3 32. Nxb3 Rb8 33. Nd2
Rb2 34. Nf1 Ra2 35. h4 gxh4 36. g3 h3 37. a5 Ra1 38. a6 h2+ 0-1

[Event "OPEN A Condom 2008"]
[Site "Condom"]
[Date "????.??.??"]
[Round "2.24"]
[White "Barraud, Mickael"]
[Black "Gryson, Wouter"]
[Result "0-1"]
[WhiteElo "1803"]
[BlackElo "2105"]
[PlyCount "100"]

1. e4 d6 2. d4 Nf6 3. Nc3 g6 4. f4 Bg7 5. Nf3 O-O 6. Be3 b6 7. Bd3 Bb7 8. h3 c5
9. Qd2 Nbd7 10. f5 Rc8 11. b3 cxd4 12. Bxd4 Nc5 13. Qe3 e5 14. Bxc5 Rxc5 15.
Ne2 gxf5 16. Nd2 fxe4 17. Bxe4 d5 18. Bf5 d4 19. Qd3 e4 20. Bxe4 Bxe4 21. Nxe4
Nxe4 22. Qxe4 d3 23. Rd1 Re5 24. Qxd3 Qxd3 25. cxd3 Bh6 26. Kf2 Rc8 27. Rhe1
Rc2 28. a4 Bd2 29. Rf1 Rb2 30. Rde1 Bxe1+ 31. Rxe1 Rd2 32. d4 Re7 33. g3 Kf8
34. h4 Ke8 35. Kf1 Kd7 36. h5 Rb2 37. Nc1 Rxe1+ 38. Kxe1 Kd6 39. Nd3 Rxb3 40.
Ke2 Ra3 41. Ne5 Ke6 42. g4 Rxa4 43. Kd3 Ra1 44. g5 Rg1 45. Nf3 Rg3 46. Ke4 Rg4+
47. Kd3 a5 48. Kc4 a4 49. Kb4 a3 50. Ne5 Rg3 0-1

[Event "OPEN A Condom 2008"]
[Site "Condom"]
[Date "????.??.??"]
[Round "2.25"]
[White "Marholev, Dimitar"]
[Black "Fantinel, Thibault"]
[Result "1-0"]
[WhiteElo "2366"]
[BlackElo "1908"]
[PlyCount "45"]

1. e4 c5 2. Nc3 Nc6 3. Bb5 Nd4 4. Bc4 e6 5. Nge2 Nf6 6. O-O a6 7. a4 d5 8. exd5
exd5 9. Ba2 Be7 10. Nxd4 cxd4 11. Ne2 Bc5 12. b4 Bxb4 13. Nxd4 O-O 14. Rb1 Bd6
15. h3 Bb8 16. d3 Qc7 17. Nf3 Ne4 18. Bd2 Rd8 19. dxe4 dxe4 20. Re1 exf3 21.
Qxf3 a5 22. Bg5 Rf8 23. Be7 1-0

[Event "OPEN A Condom 2008"]
[Site "Condom"]
[Date "????.??.??"]
[Round "2.38"]
[White "Pieri, Pierre-Louis"]
[Black "Rundstrom, Douglas"]
[Result "1-0"]
[WhiteElo "1754"]
[BlackElo "1953"]
[PlyCount "69"]

1. e4 c5 2. Nf3 d6 3. c3 Nf6 4. Be2 Bd7 5. d3 g6 6. Bg5 Bg7 7. Nbd2 O-O 8. O-O
Nc6 9. d4 cxd4 10. cxd4 h6 11. Bh4 g5 12. Bg3 g4 13. Nh4 Nxd4 14. Bd3 Nh5 15.
Nf5 Nxf5 16. exf5 Nxg3 17. hxg3 h5 18. Nc4 Bb5 19. Qd2 d5 20. Ne5 Bxd3 21. Nxd3
e6 22. fxe6 fxe6 23. Nf4 Bh6 24. Qe2 Bxf4 25. Qxe6+ Kh7 26. gxf4 Rxf4 27. Qe5
Re4 28. Qxh5+ Kg7 29. Rae1 Qe8 30. Qg5+ Kh7 31. Rxe4 Qxe4 32. Rc1 Kh8 33. Rc7
Qe1+ 34. Kh2 g3+ 35. fxg3 1-0

[Event "OPEN A Condom 2008"]
[Site "Condom"]
[Date "????.??.??"]
[Round "2.39"]
[White "Sivan, Michel"]
[Black "Dubois, Emmanuelle"]
[Result "1/2-1/2"]
[WhiteElo "1943"]
[BlackElo "1735"]
[PlyCount "41"]

1. e4 c5 2. Nc3 Nc6 3. f4 e6 4. Nf3 d5 5. exd5 exd5 6. Bb5 Nge7 7. O-O a6 8.
Be2 g6 9. Ne5 Bg7 10. Nxc6 Nxc6 11. Bf3 Be6 12. d3 O-O 13. Ne2 Qd7 14. c3 Rac8
15. a4 d4 16. c4 Nb4 17. Ng3 b5 18. axb5 axb5 19. b3 bxc4 20. bxc4 Rb8 21. Ne4
1/2-1/2

[Event "OPEN A Condom 2008"]
[Site "Condom"]
[Date "????.??.??"]
[Round "2.42"]
[White "Tchefranoff, Stephane"]
[Black "Maupin, Gervais"]
[Result "1/2-1/2"]
[WhiteElo "1928"]
[BlackElo "1720"]
[PlyCount "81"]

1. e4 c6 2. d4 d5 3. exd5 cxd5 4. c4 Nf6 5. Nc3 Nc6 6. Bg5 Qa5 7. Bxf6 exf6 8.
cxd5 Bb4 9. Qf3 Ne7 10. Bc4 O-O 11. Nge2 Bd7 12. O-O Rac8 13. Bb3 Nf5 14. Ne4
Bb5 15. Rfc1 Bxe2 16. Qxe2 Qb6 17. Qg4 Rxc1+ 18. Rxc1 Nxd4 19. Rc4 f5 20. Nf6+
Qxf6 21. Qxd4 Qxd4 22. Rxd4 Bd6 23. h3 Rc8 24. Rc4 Rxc4 25. Bxc4 g5 26. g4 fxg4
27. hxg4 Kg7 28. Bd3 h6 29. f3 Kf6 30. Kf2 Ke5 31. Ke3 b6 32. Bc4 Bc5+ 33. Ke2
f5 34. gxf5 Kxf5 35. Kf1 h5 36. a4 g4 37. fxg4+ hxg4 38. Kg2 Kf4 39. b3 Bd6 40.
Kf2 Ke4 41. Kg2 1/2-1/2

[Event "OPEN A Condom 2008"]
[Site "Condom"]
[Date "????.??.??"]
[Round "2.43"]
[White "Dubois, Vincent"]
[Black "Le Gallen, Luc"]
[Result "0-1"]
[WhiteElo "1715"]
[BlackElo "1914"]
[PlyCount "64"]

1. e4 c5 2. Nc3 e6 3. f4 d5 4. exd5 exd5 5. Bb5+ Nc6 6. Qe2+ Be7 7. Nf3 Nf6 8.
O-O O-O 9. b3 Nb4 10. Bd3 Re8 11. Bb2 c4 12. Bxh7+ Nxh7 13. Qd1 Bf5 14. Ne5 Nf6
15. d3 cxd3 16. cxd3 Rc8 17. d4 Nc2 18. g4 Ne3 19. Qe2 Nexg4 20. h3 Nh6 21. Qg2
Bb4 22. Rac1 Qa5 23. Rf3 Ne4 24. Ne2 Rxc1+ 25. Nxc1 Rc8 26. Ng4 Kh7 27. a4 Bc3
28. Bxc3 Rxc3 29. Ne2 Rxf3 30. Qxf3 Qe1+ 31. Kh2 Nd2 32. Qf2 Nxg4+ 0-1

[Event "OPEN A Condom 2008"]
[Site "Condom"]
[Date "????.??.??"]
[Round "2.44"]
[White "Labarrere, Daniel"]
[Black "Prieur, Axel"]
[Result "1-0"]
[WhiteElo "1912"]
[BlackElo "1714"]
[PlyCount "21"]

1. e4 e5 2. Nf3 Nf6 3. Nxe5 d6 4. Nf3 Nxe4 5. d4 d5 6. Nc3 Bb4 7. Bd2 Nxd2 8.
Qxd2 Qe7+ 9. Be2 Bf5 10. O-O O-O 11. Nxd5 1-0

[Event "OPEN A Condom 2008"]
[Site "Condom"]
[Date "????.??.??"]
[Round "2.45"]
[White "Vincenti, Francois-Xavier"]
[Black "Hirschmann, Georges"]
[Result "0-1"]
[WhiteElo "1666"]
[BlackElo "1911"]
[PlyCount "58"]

1. e4 c5 2. Nc3 Nc6 3. g3 g6 4. Bg2 Bg7 5. Nge2 d6 6. O-O e6 7. d3 Nge7 8. Be3
Nd4 9. f4 Nec6 10. a3 O-O 11. Rb1 Bd7 12. h3 Rb8 13. g4 f5 14. Ng3 Qe7 15. Nce2
b5 16. c3 Nxe2+ 17. Qxe2 a5 18. Rbc1 b4 19. axb4 axb4 20. cxb4 Rxb4 21. e5 Nd4
22. Bxd4 Rxd4 23. exd6 Qxd6 24. gxf5 exf5 25. Qc2 Rxd3 26. Ne2 Rd2 27. Rcd1
Rxc2 28. Rxd6 Bb5 29. Rb1 Bxe2 0-1

[Event "OPEN A Condom 2008"]
[Site "Condom"]
[Date "????.??.??"]
[Round "2.15"]
[White "Sanchez, Nicolas"]
[Black "Bressac, Stephane"]
[Result "1/2-1/2"]
[WhiteElo "2229"]
[BlackElo "2028"]
[PlyCount "76"]

1. d4 Nf6 2. Nf3 g6 3. c4 Bg7 4. Nc3 O-O 5. e4 d6 6. Be2 e5 7. O-O Nc6 8. d5
Ne7 9. Ne1 Nd7 10. Nd3 f5 11. f3 Nf6 12. Bd2 f4 13. c5 g5 14. cxd6 cxd6 15. Nf2
Ng6 16. a4 h5 17. h3 Rf7 18. Qc2 Ne8 19. Rfc1 Bf6 20. Ra3 Rg7 21. Nb5 a6 22.
Rc3 Bd7 23. Na3 g4 24. fxg4 Bh4 25. Be1 Bxf2+ 26. Bxf2 hxg4 27. Bxg4 Bxg4 28.
hxg4 Ne7 29. Bh4 Rxg4 30. Bxe7 Qxe7 31. Rc8 Rxc8 32. Qxc8 Rg6 33. Rc3 Kg7 34.
Rh3 Rh6 35. Qg4+ Rg6 36. Qc8 Rh6 37. Qg4+ Rg6 38. Qc8 Rh6 1/2-1/2

[Event "OPEN A Condom 2008"]
[Site "Condom"]
[Date "????.??.??"]
[Round "2.17"]
[White "Ouerk, Yanis"]
[Black "Brethes, Francois"]
[Result "1/2-1/2"]
[WhiteElo "1918"]
[BlackElo "2194"]
[PlyCount "125"]

1. e4 e6 2. d4 d5 3. Nc3 Nf6 4. Bg5 dxe4 5. Nxe4 Be7 6. Bxf6 Bxf6 7. Nf3 O-O 8.
Qd2 b6 9. O-O-O Bb7 10. Bd3 Nd7 11. h4 Be7 12. Qe2 Nf6 13. Neg5 Bd6 14. Ne5 Qe7
15. Kb1 c5 16. Ng4 g6 17. h5 Nxg4 18. Qxg4 f5 19. Qh4 h6 20. Nxe6 $1 {
Diagramme #} Qxe6 21. dxc5 Be7 22. Bc4 Bxh4 23. Bxe6+ Kg7 24. Rxh4 Bxg2 25.
cxb6 axb6 26. hxg6 Rae8 27. Bc4 Rd8 28. Rhd4 Rxd4 29. Rxd4 Kxg6 30. Bd3 h5 31.
b4 Kg5 32. Rd7 Rf6 33. Rg7+ Rg6 34. f4+ Kh6 35. Re7 Rf6 36. Re2 Bf1 37. Rh2
Bxd3 38. cxd3 Rd6 39. Kc2 Rd4 40. Kc3 Rxf4 41. d4 (41. a4) 41... b5 42. d5 Rc4+
43. Kd3 Rxb4 44. d6 Ra4 45. d7 Ra8 46. Ke3 Rd8 47. Rd2 Kg5 48. Kf3 h4 49. a3 h3
50. Kg3 Kf6 51. Kxh3 Ke6 52. Rb2 Rxd7 53. Rxb5 Rd3+ 54. Kh4 Rxa3 55. Kg5 Rg3+
56. Kf4 Rg4+ 57. Kf3 Ra4 58. Kg3 Kf6 59. Rb8 Ke5 60. Re8+ Kd5 61. Kf3 Rb4 62.
Rd8+ Ke5 63. Re8+ 1/2-1/2